|
|
|
|
| LEADER |
01350nam a22002771a 4500 |
| 001 |
c000159845 |
| 003 |
CARM |
| 005 |
19960704000000.0 |
| 008 |
881013s1890 enka 000 0 eng d |
| 019 |
1 |
|
|a 12619222
|5 LACONCORD2021
|
| 035 |
|
|
|a (OCoLC)5529720
|5 LACONCORD2021
|
| 040 |
|
|
|a QU
|b eng
|c QU
|d VU
|
| 050 |
0 |
0 |
|a QE262.W2
|b S76
|
| 100 |
1 |
|
|a Strahan, Aubrey,
|c Sir,
|d 1852-1928.
|
| 245 |
1 |
4 |
|a The geology of the neighbourhoods of Flint, Mold, and Ruthin :
|b (Explanation of quarter-sheet 79 S.E.) /
|c By Aubrey Strahan ; (with parts by C.E. De Rance ...) ; Pub. by order of the lords commissioners of Her Majesty's Treasury.
|
| 260 |
|
|
|a London :
|b Printed for H.M.S.O., by Eyre and Spottiswoode,
|c 1890.
|
| 300 |
|
|
|a 242p :
|b ill ;
|c 25cm.
|
| 490 |
1 |
|
|a Memoirs of the Geological survey, England and Wales.
|
| 501 |
|
|
|a With: His The geology of the coasts adjointing Rhyl ... etc.
|
| 650 |
|
0 |
|a Geology
|z Wales, Northern.
|
| 650 |
|
0 |
|a Geology
|z Wales
|z Flintshire.
|
| 700 |
1 |
|
|a De Rance, C. E.
|q (Charles Eugene),
|d 1847-1906.
|
| 830 |
|
0 |
|a Memoirs of the Geological Survey of Great Britain.
|p England and Wales.
|
| 852 |
8 |
|
|b CARM
|h A2:AL36F0
|i C05243
|p 0210475
|f BK
|
| 999 |
f |
f |
|i e8346e15-9571-59e0-8292-dd81a6b6cc31
|s c6468d1a-f7aa-52c7-8aad-278c7cd2085a
|
| 952 |
f |
f |
|p Can circulate
|a CAVAL
|b CAVAL
|c CAVAL
|d CARM 1 Store
|e C05243
|f A2:AL36F0
|h Other scheme
|i book
|m 0210475
|